000 00396cam a2200157ua 4500
041 _aeng
_h
082 _a828.09
_bFED/EN
100 _aFedden, Robin .
245 _aEnglish travellers in the near east /
_cRobin fedden.
_hTextual Documents
250 _a1 /
_b.
260 _aLondon :
_bLongman Green and Co ,
_c1958.
300 _a44 ; .
504 _a
942 _cBK
999 _c6787
_d6787